[Event "V Open Escacs Xàtiva"]
[Site "Xàtiva, Spain"]
[Date "2019.07.16"]
[Round "3.18"]
[White "Gukasov, Yuriy"]
[Black "Fernandez Sanchez, Vicente"]
[Result "0-1"]
[WhiteElo "1290"]
[BlackElo "1703"]
[PlyCount "116"]
[EventDate "2019.??.??"]

1. e4 {[%clk 01:30:54]  [%emt 00:00:21]} 1... c6 {[%clk 01:30:42]} 2. Nf3 {
[%clk 01:30:49]  [%emt 00:00:05]} 2... d5 {[%clk 01:30:50]  [%emt 00:00:27]} 3.
exd5 {[%clk 01:28:38]  [%emt 00:02:52]} 3... cxd5 {
[%clk 01:30:46]  [%emt 00:00:16]} 4. Bb5+ {[%clk 01:26:48]  [%emt 00:02:20]}
4... Bd7 {[%clk 01:30:21]  [%emt 00:01:00]} 5. Nc3 {
[%clk 01:24:41]  [%emt 00:02:41]} 5... a6 {[%clk 01:28:57]  [%emt 00:01:44]} 6.
Ba4 {[%clk 01:24:28]  [%emt 00:00:45]} 6... Nf6 {
[%clk 01:27:54]  [%emt 00:01:43]} 7. O-O {[%clk 01:19:59]  [%emt 00:04:56]}
7... Bxa4 {[%clk 01:26:46]  [%emt 00:01:43]} 8. Nxa4 {
[%clk 01:19:50]  [%emt 00:00:28]} 8... Nbd7 {[%clk 01:25:27]  [%emt 00:01:46]}
9. d4 {[%clk 01:17:45]  [%emt 00:02:44]} 9... Qc7 {
[%clk 01:24:32]  [%emt 00:01:17]} 10. Nc3 {[%clk 01:14:25]  [%emt 00:03:52]}
10... e6 {[%clk 01:23:55]  [%emt 00:01:07]} 11. Re1 {
[%clk 01:12:43]  [%emt 00:02:09]} 11... Bd6 {[%clk 01:23:12]  [%emt 00:01:14]}
12. g3 {[%clk 01:12:38]  [%emt 00:00:36]} 12... Rc8 {
[%clk 01:19:37]  [%emt 00:05:27]} 13. Bg5 {[%clk 01:12:21]} 13... O-O {
[%clk 01:13:53]  [%emt 00:05:41]} 14. a3 {[%clk 01:03:23]  [%emt 00:09:24]}
14... b5 {[%clk 01:12:45]  [%emt 00:01:38]} 15. Qd2 {
[%clk 01:02:19]  [%emt 00:01:37]} 15... b4 {[%clk 01:06:12]  [%emt 00:08:01]}
16. axb4 {[%clk 00:54:25]  [%emt 00:07:27]} 16... Bxb4 {
[%clk 01:05:45]  [%emt 00:00:53]} 17. Bxf6 {[%clk 00:50:27]  [%emt 00:04:40]}
17... Nxf6 {[%clk 01:03:26]  [%emt 00:02:37]} 18. Qd3 {
[%clk 00:48:34]  [%emt 00:02:23]} 18... Bxc3 {[%clk 01:00:50]  [%emt 00:03:11]}
19. bxc3 {[%clk 00:45:16]  [%emt 00:03:43]} 19... Qxc3 {
[%clk 01:00:01]  [%emt 00:01:20]} 20. Rxa6 {[%clk 00:43:49]  [%emt 00:01:57]}
20... Qxc2 {[%clk 00:55:26]  [%emt 00:05:05]} 21. Qa3 {
[%clk 00:41:09]  [%emt 00:03:10]} 21... Rc3 {[%clk 00:53:29]  [%emt 00:02:27]}
22. Qa4 {[%clk 00:29:00]  [%emt 00:12:39]} 22... Qxa4 {
[%clk 00:53:08]  [%emt 00:00:51]} 23. Rxa4 {[%clk 00:29:13]  [%emt 00:00:17]}
23... Rxf3 {[%clk 00:53:02]  [%emt 00:02:26]} 24. Kg2 {[%clk 00:29:22]} 24...
Rc3 {[%clk 00:52:13]} 25. Re3 {[%clk 00:28:54]  [%emt 00:00:52]} 25... Rc4 {
[%clk 00:51:21]  [%emt 00:01:16]} 26. Rea3 {[%clk 00:28:37]  [%emt 00:00:48]}
26... Rfc8 {[%clk 00:50:57]  [%emt 00:00:55]} 27. Ra8 {
[%clk 00:27:25]  [%emt 00:01:44]} 27... Ne8 {[%clk 00:49:20]  [%emt 00:02:18]}
28. Kf3 {[%clk 00:25:16]  [%emt 00:02:26]} 28... Kf8 {
[%clk 00:48:36]  [%emt 00:01:14]} 29. Rxc8 {[%clk 00:22:03]  [%emt 00:03:43]}
29... Rxc8 {[%clk 00:48:41]  [%emt 00:00:24]} 30. Ra7 {
[%clk 00:21:50]  [%emt 00:00:43]} 30... Rc7 {[%clk 00:48:34]  [%emt 00:01:51]}
31. Ra8 {[%clk 00:22:01]} 31... Ke7 {[%clk 00:48:38]} 32. Kf4 {
[%clk 00:21:31]  [%emt 00:00:31]} 32... Nd6 {[%clk 00:48:27]  [%emt 00:00:46]}
33. h4 {[%clk 00:19:36]  [%emt 00:02:21]} 33... Nb5 {
[%clk 00:47:39]  [%emt 00:01:19]} 34. Rh8 {[%clk 00:18:07]  [%emt 00:02:02]}
34... Nxd4 {[%clk 00:46:57]  [%emt 00:01:09]} 35. Rxh7 {
[%clk 00:18:16]  [%emt 00:00:20]} 35... Rc4 {[%clk 00:46:29]  [%emt 00:01:10]}
36. Ke3 {[%clk 00:14:51]  [%emt 00:03:42]} 36... Nf5+ {
[%clk 00:46:09]  [%emt 00:00:50]} 37. Kf3 {[%clk 00:13:44]  [%emt 00:01:39]}
37... e5 {[%clk 00:43:54]  [%emt 00:02:43]} 38. g4 {
[%clk 00:12:38]  [%emt 00:01:37]} 38... e4+ {[%clk 00:41:23]  [%emt 00:03:04]}
39. Ke2 {[%clk 00:12:56]  [%emt 00:00:06]} 39... Nd4+ {
[%clk 00:40:44]  [%emt 00:01:14]} 40. Ke3 {[%clk 00:12:45]  [%emt 00:00:37]}
40... Ne6 {[%clk 00:39:37]  [%emt 00:01:40]} 41. Kd2 {
[%clk 00:10:00]  [%emt 00:03:12]} 41... d4 {[%clk 00:39:19]  [%emt 00:00:49]}
42. Rh5 {[%clk 00:08:57]  [%emt 00:01:35]} 42... e3+ {
[%clk 00:38:12]  [%emt 00:01:34]} 43. fxe3 {[%clk 00:08:43]  [%emt 00:00:44]}
43... dxe3+ {[%clk 00:38:21]  [%emt 00:00:21]} 44. Kxe3 {
[%clk 00:08:36]  [%emt 00:00:37]} 44... Rxg4 {[%clk 00:38:19]  [%emt 00:00:41]}
45. Rh7 {[%clk 00:08:02]  [%emt 00:00:55]} 45... Rg3+ {
[%clk 00:37:49]  [%emt 00:01:00]} 46. Kf2 {[%clk 00:07:41]  [%emt 00:00:55]}
46... Rh3 {[%clk 00:37:49]  [%emt 00:00:25]} 47. Kg2 {
[%clk 00:05:59]  [%emt 00:02:12]} 47... Nf4+ {[%clk 00:37:40]  [%emt 00:00:40]}
48. Kf2 {[%clk 00:06:11]  [%emt 00:00:16]} 48... g5 {
[%clk 00:37:34]  [%emt 00:00:40]} 49. Rg7 {[%clk 00:05:47]  [%emt 00:00:50]}
49... Rxh4 {[%clk 00:37:41]  [%emt 00:00:25]} 50. Kf3 {
[%clk 00:05:48]  [%emt 00:00:28]} 50... Ng6 {[%clk 00:36:03]  [%emt 00:02:07]}
51. Rg8 {[%clk 00:05:15]  [%emt 00:02:14]} 51... Rh8 {[%clk 00:36:04]} 52. Rxh8
{[%clk 00:04:35]  [%emt 00:00:29]} 52... Nxh8 {[%clk 00:36:17]  [%emt 00:00:17]
} 53. Kg4 {[%clk 00:05:01]  [%emt 00:00:06]} 53... Kf6 {
[%clk 00:36:23]  [%emt 00:00:21]} 54. Kh3 {[%clk 00:04:38]  [%emt 00:00:53]}
54... Kf5 {[%clk 00:36:37]  [%emt 00:00:16]} 55. Kg3 {
[%clk 00:04:39]  [%emt 00:00:29]} 55... g4 {[%clk 00:36:54]  [%emt 00:00:13]}
56. Kh2 {[%clk 00:04:49]  [%emt 00:00:21]} 56... Kf4 {
[%clk 00:37:12]  [%emt 00:00:13]} 57. Kg1 {[%clk 00:04:55]  [%emt 00:00:24]}
57... Kg3 {[%clk 00:37:18]  [%emt 00:00:23]} 58. Kh1 {
[%clk 00:05:11]  [%emt 00:00:14]} 58... Kf2 {[%clk 00:37:31]  [%emt 00:00:20]}
0-1

[Event "V Open Escacs Xàtiva"]
[Site "Xàtiva, Spain"]
[Date "2019.07.17"]
[Round "4.1"]
[White "Cruz Lledo, Pablo"]
[Black "Iagar, Razvan-Gabriel"]
[Result "1-0"]
[WhiteElo "2442"]
[BlackElo "2138"]
[PlyCount "99"]
[EventDate "2019.??.??"]

1. d4 {[%clk 01:17:30]  [%emt 00:13:30]} 1... d5 {
[%clk 01:30:55]  [%emt 00:00:05]} 2. c4 {[%clk 01:17:55]  [%emt 00:00:06]} 2...
c6 {[%clk 01:31:21]  [%emt 00:00:03]} 3. Nf3 {[%clk 01:18:22]  [%emt 00:00:03]}
3... Nf6 {[%clk 01:31:48]  [%emt 00:00:04]} 4. Nc3 {
[%clk 01:18:48]  [%emt 00:00:04]} 4... a6 {[%clk 01:32:12]  [%emt 00:00:07]} 5.
a4 {[%clk 01:18:35]  [%emt 00:00:42]} 5... Bf5 {
[%clk 01:30:41]  [%emt 00:02:00]} 6. Qb3 {[%clk 01:17:03]  [%emt 00:02:02]}
6... Ra7 {[%clk 01:30:46]  [%emt 00:00:25]} 7. a5 {
[%clk 01:17:21]  [%emt 00:00:12]} 7... e6 {[%clk 01:30:15]  [%emt 00:01:01]} 8.
Qb6 {[%clk 01:17:26]  [%emt 00:00:26]} 8... Qxb6 {
[%clk 01:29:34]  [%emt 00:01:10]} 9. axb6 {[%clk 01:17:44]  [%emt 00:00:12]}
9... Ra8 {[%clk 01:29:58]  [%emt 00:00:07]} 10. c5 {
[%clk 01:18:09]  [%emt 00:00:04]} 10... Nbd7 {[%clk 01:29:13]  [%emt 00:01:15]}
11. Bf4 {[%clk 01:18:19]  [%emt 00:00:20]} 11... Nh5 {
[%clk 01:29:01]  [%emt 00:00:42]} 12. Bc7 {[%clk 01:18:34]  [%emt 00:00:15]}
12... Be7 {[%clk 01:27:50]  [%emt 00:01:41]} 13. h3 {
[%clk 01:19:00]  [%emt 00:00:04]} 13... Nhf6 {[%clk 01:28:04]  [%emt 00:00:16]}
14. Nd2 {[%clk 01:16:24]  [%emt 00:03:06]} 14... O-O {
[%clk 01:24:40]  [%emt 00:03:54]} 15. e3 {[%clk 01:13:26]  [%emt 00:03:28]}
15... Rfc8 {[%clk 01:23:12]  [%emt 00:01:58]} 16. Nb3 {
[%clk 01:12:31]  [%emt 00:01:25]} 16... Rxc7 {[%clk 01:15:20]  [%emt 00:08:22]}
17. bxc7 {[%clk 01:12:43]  [%emt 00:00:19]} 17... Rc8 {
[%clk 01:15:48]  [%emt 00:00:01]} 18. Kd2 {[%clk 01:10:30]  [%emt 00:02:43]}
18... e5 {[%clk 01:12:21]  [%emt 00:03:57]} 19. f4 {
[%clk 01:05:59]  [%emt 00:05:01]} 19... exf4 {[%clk 01:12:07]  [%emt 00:00:45]}
20. exf4 {[%clk 01:06:26]  [%emt 00:00:03]} 20... Ne4+ {
[%clk 01:11:23]  [%emt 00:01:14]} 21. Nxe4 {[%clk 01:06:31]  [%emt 00:00:25]}
21... Bxe4 {[%clk 01:11:44]  [%emt 00:00:09]} 22. Rg1 {
[%clk 01:05:20]  [%emt 00:01:41]} 22... Rxc7 {[%clk 01:11:18]  [%emt 00:00:56]}
23. g4 {[%clk 01:04:24]  [%emt 00:01:26]} 23... g6 {
[%clk 01:07:13]  [%emt 00:04:35]} 24. Bd3 {[%clk 01:04:01]  [%emt 00:00:53]}
24... Bxd3 {[%clk 01:06:12]  [%emt 00:01:32]} 25. Kxd3 {
[%clk 01:04:19]  [%emt 00:00:11]} 25... Kf8 {[%clk 01:04:56]  [%emt 00:01:46]}
26. Rge1 {[%clk 01:02:24]  [%emt 00:02:24]} 26... Nf6 {
[%clk 01:04:22]  [%emt 00:01:04]} 27. Nd2 {[%clk 01:02:46]  [%emt 00:00:10]}
27... Ke8 {[%clk 01:03:36]  [%emt 00:01:15]} 28. b4 {
[%clk 00:59:27]  [%emt 00:03:49]} 28... Kd8 {[%clk 01:01:13]  [%emt 00:02:52]}
29. Re3 {[%clk 00:59:43]  [%emt 00:00:14]} 29... Bf8 {
[%clk 00:57:14]  [%emt 00:04:28]} 30. Rae1 {[%clk 01:00:02]  [%emt 00:00:11]}
30... Be7 {[%clk 00:55:18]  [%emt 00:02:27]} 31. Kc3 {
[%clk 00:59:48]  [%emt 00:00:45]} 31... Rd7 {[%clk 00:54:59]  [%emt 00:00:49]}
32. Kb3 {[%clk 00:59:59]  [%emt 00:00:18]} 32... Rc7 {
[%clk 00:54:41]  [%emt 00:00:48]} 33. Ka4 {[%clk 01:00:19]  [%emt 00:00:10]}
33... Ne8 {[%clk 00:54:27]  [%emt 00:00:44]} 34. Nf3 {
[%clk 00:55:45]  [%emt 00:05:04]} 34... Nf6 {[%clk 00:51:13]  [%emt 00:03:45]}
35. Nd2 {[%clk 00:53:58]  [%emt 00:02:16]} 35... Ne8 {
[%clk 00:51:28]  [%emt 00:00:14]} 36. Ka5 {[%clk 00:54:07]  [%emt 00:00:22]}
36... Ng7 {[%clk 00:50:46]  [%emt 00:01:12]} 37. Nf3 {
[%clk 00:52:23]  [%emt 00:02:12]} 37... Ne6 {[%clk 00:50:59]  [%emt 00:00:17]}
38. f5 {[%clk 00:52:14]  [%emt 00:00:40]} 38... Nf4 {
[%clk 00:48:40]  [%emt 00:02:48]} 39. Ne5 {[%clk 00:50:03]  [%emt 00:02:42]}
39... Ng2 {[%clk 00:45:09]  [%emt 00:04:00]} 40. Nxf7+ {
[%clk 00:50:08]  [%emt 00:00:25]} 40... Ke8 {[%clk 00:45:37]  [%emt 00:00:02]}
41. Nd6+ {[%clk 00:49:59]  [%emt 00:00:39]} 41... Kf8 {
[%clk 00:45:57]  [%emt 00:00:08]} 42. fxg6 {[%clk 00:47:57]  [%emt 00:02:34]}
42... Nxe3 {[%clk 00:45:33]  [%emt 00:00:54]} 43. gxh7 {
[%clk 00:48:11]  [%emt 00:00:16]} 43... Bf6 {[%clk 00:45:25]  [%emt 00:00:38]}
44. Rxe3 {[%clk 00:47:35]  [%emt 00:01:07]} 44... Rxh7 {
[%clk 00:45:38]  [%emt 00:00:17]} 45. Rf3 {[%clk 00:47:10]  [%emt 00:00:54]}
45... Ke7 {[%clk 00:44:54]  [%emt 00:01:13]} 46. Kb6 {
[%clk 00:47:29]  [%emt 00:00:13]} 46... Ke6 {[%clk 00:44:33]  [%emt 00:00:49]}
47. Nxb7 {[%clk 00:47:07]  [%emt 00:00:53]} 47... Bxd4 {
[%clk 00:44:48]  [%emt 00:00:16]} 48. Kxc6 {[%clk 00:47:23]  [%emt 00:00:13]}
48... Be5 {[%clk 00:43:42]  [%emt 00:01:36]} 49. Nd8+ {
[%clk 00:46:33]  [%emt 00:01:20]} 49... Ke7 {[%clk 00:44:05]  [%emt 00:00:07]}
50. Kxd5 {[%clk 00:46:41]  [%emt 00:00:23]} 1-0

[Event "V Open Escacs Xàtiva"]
[Site "Xàtiva, Spain"]
[Date "2019.07.17"]
[Round "4.2"]
[White "Chernikov, Vladimir"]
[Black "Soriano Folch, Jonathan"]
[Result "1-0"]
[WhiteElo "2301"]
[BlackElo "1874"]
[PlyCount "65"]
[EventDate "2019.??.??"]

1. c4 {[%clk 01:30:57]} 1... c6 {[%clk 01:30:31]  [%emt 00:00:30]} 2. Nf3 {
[%clk 01:31:19]  [%emt 00:00:08]} 2... Nf6 {[%clk 01:30:08]} 3. Nc3 {
[%clk 01:31:34]  [%emt 00:01:08]} 3... e6 {[%clk 01:27:28]  [%emt 00:03:11]} 4.
e4 {[%emt 00:02:10]} 4... d5 {[%clk 01:26:59]  [%emt 00:00:54]} 5. e5 {
[%clk 01:30:07]  [%emt 00:00:22]} 5... Nfd7 {[%clk 01:16:22]  [%emt 00:11:07]}
6. d4 {[%clk 01:30:09]  [%emt 00:00:28]} 6... dxc4 {
[%clk 01:14:37]  [%emt 00:02:15]} 7. Bxc4 {[%clk 01:30:20]  [%emt 00:00:19]}
7... Nb6 {[%clk 01:14:57]  [%emt 00:00:10]} 8. Bd3 {
[%clk 01:30:45]  [%emt 00:00:05]} 8... c5 {[%clk 01:09:28]  [%emt 00:05:59]} 9.
Bg5 {[%clk 01:27:18]  [%emt 00:03:57]} 9... Be7 {
[%clk 01:01:50]  [%emt 00:08:07]} 10. Bxe7 {[%clk 01:24:49]  [%emt 00:03:00]}
10... Qxe7 {[%clk 01:02:10]  [%emt 00:00:09]} 11. Ne4 {
[%clk 01:25:12]  [%emt 00:00:07]} 11... c4 {[%clk 00:53:33]  [%emt 00:09:07]}
12. Nd6+ {[%clk 01:25:33]  [%emt 00:00:09]} 12... Kf8 {
[%clk 00:53:58]  [%emt 00:00:05]} 13. Bc2 {[%clk 01:21:10]  [%emt 00:04:54]}
13... Bd7 {[%clk 00:49:27]  [%emt 00:04:59]} 14. Qd2 {
[%clk 01:21:22]  [%emt 00:00:18]} 14... Bc6 {[%clk 00:49:09]  [%emt 00:00:48]}
15. Ng5 {[%clk 01:21:31]  [%emt 00:00:22]} 15... Be8 {
[%clk 00:43:29]  [%emt 00:06:10]} 16. Nxh7+ {[%clk 01:21:22]  [%emt 00:00:39]}
16... Kg8 {[%clk 00:41:28]  [%emt 00:02:31]} 17. Nxe8 {
[%clk 01:20:31]  [%emt 00:01:21]} 17... Qxe8 {[%clk 00:40:31]  [%emt 00:01:27]}
18. Ng5 {[%clk 01:16:06]  [%emt 00:04:55]} 18... Nc6 {
[%clk 00:40:07]  [%emt 00:00:53]} 19. Ne4 {[%clk 01:16:19]  [%emt 00:00:17]}
19... Nd5 {[%clk 00:36:44]  [%emt 00:03:54]} 20. Nd6 {
[%clk 01:13:10]  [%emt 00:03:39]} 20... Qe7 {[%clk 00:36:05]  [%emt 00:01:08]}
21. Nxc4 {[%clk 01:13:24]  [%emt 00:00:18]} 21... Qb4 {
[%clk 00:34:16]  [%emt 00:02:18]} 22. Qxb4 {[%clk 01:12:07]  [%emt 00:01:47]}
22... Ndxb4 {[%clk 00:34:21]  [%emt 00:00:25]} 23. Be4 {
[%clk 01:11:48]  [%emt 00:00:48]} 23... Nxd4 {[%clk 00:33:56]  [%emt 00:00:55]}
24. Rd1 {[%clk 01:11:21]  [%emt 00:00:57]} 24... Nbc6 {
[%clk 00:27:38]  [%emt 00:06:49]} 25. Nd6 {[%clk 01:10:29]  [%emt 00:01:22]}
25... Rh5 {[%clk 00:16:31]  [%emt 00:11:33]} 26. f4 {[%emt 00:01:58]} 26... g5
{[%clk 00:16:19]  [%emt 00:00:40]} 27. Bxc6 {[%clk 01:09:15]  [%emt 00:00:20]}
27... Nxc6 {[%clk 00:16:29]  [%emt 00:00:19]} 28. Ne4 {
[%clk 01:09:37]  [%emt 00:00:09]} 28... Kg7 {[%clk 00:11:41]  [%emt 00:05:18]}
29. Nxg5 {[%clk 01:09:33]  [%emt 00:00:34]} 29... Nxe5 {
[%clk 00:09:08]  [%emt 00:03:02]} 30. O-O {[%clk 01:09:48]  [%emt 00:00:15]}
30... Ng4 {[%clk 00:04:36]  [%emt 00:05:03]} 31. Rf3 {
[%clk 01:09:43]  [%emt 00:00:36]} 31... Nxh2 {[%clk 00:01:13]  [%emt 00:03:52]}
32. Rh3 {[%clk 01:09:29]  [%emt 00:00:44]} 32... Rah8 {
[%clk 00:01:21]  [%emt 00:00:22]} 33. Kxh2 {[%clk 01:09:51]  [%emt 00:00:08]}
1-0

[Event "V Open Escacs Xàtiva"]
[Site "Xàtiva, Spain"]
[Date "2019.07.17"]
[Round "4.3"]
[White "Hassomal Daswani, Birjkumar"]
[Black "Pallas I Garrido, Ernest Josep"]
[Result "1/2-1/2"]
[WhiteElo "1994"]
[BlackElo "1831"]
[PlyCount "62"]
[EventDate "2019.??.??"]

1. e4 {[%clk 01:30:52]  [%emt 00:00:08]} 1... e5 {
[%clk 01:30:05]  [%emt 00:00:56]} 2. Nf3 {[%clk 01:31:16]  [%emt 00:00:05]}
2... Nc6 {[%clk 01:30:29]  [%emt 00:00:06]} 3. Bb5 {
[%clk 01:31:41]  [%emt 00:00:06]} 3... Nge7 {[%clk 01:25:46]  [%emt 00:05:13]}
4. O-O {[%clk 01:31:00]  [%emt 00:01:11]} 4... g6 {
[%clk 01:26:07]  [%emt 00:00:09]} 5. d4 {[%clk 01:30:39]  [%emt 00:00:51]} 5...
exd4 {[%clk 01:24:24]  [%emt 00:02:13]} 6. Nxd4 {
[%clk 01:30:20]  [%emt 00:00:49]} 6... Bg7 {[%clk 01:24:16]  [%emt 00:00:38]}
7. c3 {[%clk 01:29:30]  [%emt 00:01:21]} 7... O-O {
[%clk 01:24:25]  [%emt 00:00:21]} 8. Bg5 {[%clk 01:29:42]  [%emt 00:00:17]}
8... h6 {[%clk 01:23:40]  [%emt 00:01:15]} 9. Bh4 {
[%clk 01:29:49]  [%emt 00:00:23]} 9... a6 {[%clk 01:18:38]  [%emt 00:05:33]}
10. Ba4 {[%clk 01:29:08]  [%emt 00:01:11]} 10... Nxd4 {
[%clk 01:06:28]  [%emt 00:12:39]} 11. cxd4 {[%clk 01:29:02]  [%emt 00:00:36]}
11... b5 {[%clk 01:05:38]  [%emt 00:01:20]} 12. Bb3 {
[%clk 01:29:16]  [%emt 00:00:17]} 12... c5 {[%clk 01:00:41]  [%emt 00:05:26]}
13. Nc3 {[%clk 01:27:12]  [%emt 00:02:34]} 13... g5 {
[%clk 00:56:28]  [%emt 00:04:42]} 14. Bg3 {[%clk 01:27:26]  [%emt 00:00:16]}
14... Bxd4 {[%clk 00:55:35]  [%emt 00:01:24]} 15. h4 {
[%clk 01:26:00]  [%emt 00:01:55]} 15... Bb7 {[%clk 00:52:34]  [%emt 00:03:32]}
16. hxg5 {[%clk 01:26:12]  [%emt 00:00:17]} 16... hxg5 {
[%clk 00:36:40]  [%emt 00:16:24]} 17. Qh5 {[%clk 01:25:47]  [%emt 00:00:55]}
17... Kg7 {[%clk 00:35:48]  [%emt 00:01:19]} 18. Rad1 {
[%clk 01:21:50]  [%emt 00:04:31]} 18... Ng6 {[%clk 00:35:38]  [%emt 00:00:40]}
19. Bd6 {[%clk 01:21:17]  [%emt 00:01:03]} 19... Rh8 {
[%clk 00:34:28]  [%emt 00:01:39]} 20. Qf3 {[%clk 01:19:14]  [%emt 00:02:32]}
20... Qf6 {[%clk 00:19:57]  [%emt 00:15:02]} 21. Qxf6+ {
[%clk 01:16:12]  [%emt 00:03:31]} 21... Kxf6 {[%clk 00:18:49]  [%emt 00:01:38]}
22. Ne2 {[%clk 01:10:48]  [%emt 00:05:55]} 22... Be5 {
[%clk 00:15:22]  [%emt 00:03:54]} 23. Bxe5+ {[%clk 01:11:10]  [%emt 00:00:08]}
23... Nxe5 {[%clk 00:15:40]  [%emt 00:00:13]} 24. f4 {
[%clk 01:11:19]  [%emt 00:00:20]} 24... gxf4 {[%clk 00:14:47]  [%emt 00:01:23]}
25. Rxf4+ {[%clk 01:09:58]  [%emt 00:01:51]} 25... Ke7 {
[%clk 00:14:32]  [%emt 00:00:45]} 26. Ng3 {[%clk 01:09:41]  [%emt 00:00:47]}
26... c4 {[%clk 00:13:14]  [%emt 00:01:48]} 27. Nf5+ {
[%clk 01:10:00]  [%emt 00:00:11]} 27... Kd8 {[%clk 00:12:07]  [%emt 00:01:38]}
28. Bc2 {[%clk 01:10:04]  [%emt 00:00:25]} 28... Kc7 {
[%clk 00:12:07]  [%emt 00:00:31]} 29. Nd6 {[%clk 01:09:42]  [%emt 00:00:52]}
29... Rh7 {[%clk 00:11:06]  [%emt 00:01:31]} 30. a4 {
[%clk 01:09:44]  [%emt 00:00:28]} 30... Rah8 {[%clk 00:11:18]  [%emt 00:00:17]}
31. Kf2 {[%clk 01:09:33]  [%emt 00:00:40]} 31... bxa4 {
[%clk 00:08:47]  [%emt 00:03:03]} 1/2-1/2

[Event "V Open Escacs Xàtiva"]
[Site "Xàtiva, Spain"]
[Date "2019.07.17"]
[Round "4.4"]
[White "Martinez Lopez, Jose Luis"]
[Black "Martinez Peiro, Gabriel"]
[Result "0-1"]
[WhiteElo "1702"]
[BlackElo "1965"]
[PlyCount "60"]
[EventDate "2019.??.??"]

1. d4 {[%clk 01:30:59]  [%emt 00:09:10]} 1... d5 {
[%clk 01:30:27]  [%emt 00:00:35]} 2. c4 {[%clk 01:31:21]  [%emt 00:00:07]} 2...
c6 {[%clk 01:30:52]  [%emt 00:00:06]} 3. Nc3 {[%clk 01:31:47]  [%emt 00:00:04]}
3... dxc4 {[%clk 01:31:14]  [%emt 00:00:09]} 4. a4 {
[%clk 01:32:01]  [%emt 00:00:16]} 4... e5 {[%clk 01:29:27]  [%emt 00:02:17]} 5.
Nf3 {[%clk 01:31:56]  [%emt 00:00:34]} 5... exd4 {
[%clk 01:29:13]  [%emt 00:00:45]} 6. Nxd4 {[%clk 01:32:06]  [%emt 00:00:20]}
6... Bc5 {[%clk 01:24:06]  [%emt 00:05:35]} 7. e3 {
[%clk 01:31:06]  [%emt 00:01:31]} 7... Bxd4 {[%clk 01:23:21]  [%emt 00:01:15]}
8. exd4 {[%clk 01:31:19]  [%emt 00:00:18]} 8... Be6 {
[%clk 01:23:31]  [%emt 00:00:19]} 9. Be2 {[%clk 01:30:23]  [%emt 00:01:27]}
9... Ne7 {[%clk 01:17:03]  [%emt 00:06:57]} 10. Bg5 {
[%clk 01:24:31]  [%emt 00:06:22]} 10... f6 {[%clk 01:10:05]  [%emt 00:07:29]}
11. Bf4 {[%clk 01:23:12]  [%emt 00:01:48]} 11... Nd5 {
[%clk 01:06:18]  [%emt 00:04:17]} 12. Bg3 {[%clk 01:23:18]  [%emt 00:00:24]}
12... Qa5 {[%clk 00:53:14]  [%emt 00:13:34]} 13. Qd2 {
[%clk 01:22:32]  [%emt 00:01:16]} 13... Nxc3 {[%clk 00:45:54]  [%emt 00:07:50]}
14. bxc3 {[%clk 01:22:55]  [%emt 00:00:07]} 14... Nd7 {
[%clk 00:44:57]  [%emt 00:01:27]} 15. O-O {[%clk 01:23:02]  [%emt 00:00:23]}
15... O-O {[%clk 00:41:17]  [%emt 00:04:11]} 16. Rfb1 {
[%clk 01:20:32]  [%emt 00:02:58]} 16... Nb6 {[%clk 00:39:07]  [%emt 00:02:40]}
17. Bd6 {[%clk 01:14:02]  [%emt 00:07:02]} 17... Rfe8 {
[%clk 00:36:33]  [%emt 00:03:04]} 18. Bf3 {[%clk 01:09:13]  [%emt 00:05:19]}
18... Rad8 {[%clk 00:27:19]  [%emt 00:09:44]} 19. Bf4 {
[%clk 00:59:27]  [%emt 00:10:15]} 19... Bf5 {[%clk 00:25:00]  [%emt 00:02:47]}
20. Rb4 {[%clk 00:57:06]  [%emt 00:02:51]} 20... Bd3 {
[%clk 00:23:36]  [%emt 00:01:54]} 21. h3 {[%clk 00:56:34]  [%emt 00:01:03]}
21... Re7 {[%clk 00:16:51]  [%emt 00:07:14]} 22. Be3 {
[%clk 00:54:30]  [%emt 00:02:35]} 22... Nd5 {[%clk 00:16:09]  [%emt 00:01:11]}
23. Bxd5+ {[%clk 00:54:44]  [%emt 00:00:18]} 23... Rxd5 {
[%clk 00:14:40]  [%emt 00:01:58]} 24. Qb2 {[%clk 00:53:45]  [%emt 00:01:29]}
24... b6 {[%clk 00:14:00]  [%emt 00:01:10]} 25. Qa3 {
[%clk 00:53:39]  [%emt 00:00:36]} 25... Re4 {[%clk 00:11:52]  [%emt 00:02:38]}
26. Ra2 {[%clk 00:52:00]  [%emt 00:02:09]} 26... Rh5 {
[%clk 00:11:42]  [%emt 00:00:40]} 27. Qc1 {[%clk 00:50:46]  [%emt 00:01:45]}
27... Qd5 {[%clk 00:09:16]  [%emt 00:02:56]} 28. Rab2 {
[%clk 00:50:21]  [%emt 00:00:56]} 28... Qe6 {[%clk 00:08:57]  [%emt 00:00:48]}
29. Qd1 {[%clk 00:48:34]  [%emt 00:02:16]} 29... Rxh3 {
[%clk 00:05:38]  [%emt 00:03:49]} 30. g3 {[%clk 00:44:17]  [%emt 00:04:47]}
30... Rxe3 {[%clk 00:04:34]  [%emt 00:01:35]} 0-1